[Event "President's Cup"]
[Site "Seattle, WA"]
[Date "2014.02.16"]
[Round "3"]
[White "Van Dyke Patrick (WA)"]
[Black "Mathews Dan  (WA)"]
[Result "1-0"]
[WhiteElo "2105"]
[BlackElo "1814"]
[Annotator ""]
[Source ""]
[Remark "Open"]

1.e4 d5 2.exd5 Qxd5 3.d4 Nf6 4.c4 Qe4+ 5.Be3 e6 6.Nf3 b6 7.h3
Qb7 8.Be2 c6 9.O-O Qc7 10.a3 Bb7 11.Nc3 Nbd7 12.b4 Be7 13.Qd2
h6 14.Rfd1 g5 15.Nh2 Bd6 16.Nf1 Bf4 17.g3 Bxe3 18.Qxe3 O-O-O
19.a4 e5 20.d5 c5 21.a5 cxb4 22.Nb5 Qc5 23.Nxa7+ Kb8 24.axb6
Qxe3 25.Nxe3 Nxb6 26.Rdb1 Nfxd5 27.cxd5 Nxd5 28.Nxd5 Rxd5 29.Bf3
Rd4 30.Bxb7 Kxb7 31.Nb5 1-0

[Event "President's Cup"]
[Site "Seattle, WA"]
[Date "2014.02.15"]
[Round "3"]
[White "Chandrasekar Siddharth  (WA)"]
[Black "Spasic Petar  (WA)"]
[Result "0-1"]
[WhiteElo "1093"]
[BlackElo "1344"]
[Annotator ""]
[Source ""]
[Remark "Reserve"]

1.e4 c5 2.Nf3 d6 3.c3 e5 4.d4 cxd4 5.cxd4 exd4 6.Nxd4 Nc6 7.Bb5
Bd7 8.Nxc6 Bxc6 9.Bxc6+ bxc6 10.Nc3 Nf6 11.O-O Be7 12.b3 Nd7
13.Re1 O-O 14.Bb2 Qc7 15.Qg4 Bf6 16.Red1 Ne5 17.Qg3 Rad8 18.Ba3
Qe7 19.Ne2 Bh4 20.Qh3 c5 21.g3 Bxg3 22.Qxg3 Nc6 23.Bb2 f6 {  At this point the score sheet ends with 0-1 marked.  Since White seems significantly ahead, I can only assume a time loss.}
 0-1

[Event "President's Cup"]
[Site "Seattle, WA"]
[Date "2014.02.15"]
[Round "1"]
[White "Gustafson Andrew  (MO)"]
[Black "Ma Kenneth  (WA)"]
[Result "1-0"]
[WhiteElo "1176"]
[BlackElo "1223"]
[Annotator ""]
[Source ""]
[Remark "Reserve"]

1.e4 d6 2.d4 Nf6 3.Nc3 g6 4.f4 Bg7 5.Nf3 O-O 6.Bc4 Nxe4 7.Bxf7+
Rxf7 8.Nxe4 h6 9.Be3 d5 10.Nf2 Nc6 11.Qd2 Bf5 12.g4 Bd7 13.O-O-O
Qc8 14.Rdg1 Qf8 15.h4 e6 16.Nd3 Re8 17.Nde5 Nxe5 18.Nxe5 Bxe5
19.dxe5 Kh7 20.Qd3 Bc6 21.h5 Qg7 22.hxg6+ Qxg6 23.f5 exf5 24.Rxh6+
Qxh6 25.Bxh6 Kxh6 26.gxf5 Rg7 27.Qh3# 1-0

[Event "President's Cup"]
[Site "Seattle, WA"]
[Date "2014.02.16"]
[Round "3"]
[White "Varner Murlin  (WA)"]
[Black "Lai James  (WA)"]
[Result "0-1"]
[WhiteElo "1639"]
[BlackElo "1317"]
[Annotator ""]
[Source ""]
[Remark "Open"]

1.e4 e6 2.d4 d5 3.Nc3 dxe4 4.Nxe4 Nd7 5.Nf3 Ngf6 6.Bd3 b6 7.O-O
Bb7 8.Ng3 c5 9.dxc5 Bxc5 10.Bg5 h6 11.Bxf6 Nxf6 12.Bb5+ Ke7 13.Qe2
a6 14.Rad1 Qc7 15.Ba4 b5 16.Bb3 Rhd8 17.Nf5+ Kf8 18.N5d4 Qb6
19.c3 b4 20.Bxe6 {??} ( 20.Ne5 {=} ) Bxf3 21.Qxf3 Bxd4 22.Rxd4
Qxe6 23.Rfd1 Re8 24.Kf1 bxc3 25.Qxc3 Qxa2 26.Qb4+ Kg8 27.R4d2
Rab8 28.Qc3 Rbc8 29.Qb4 Qc4+ 30.Qxc4 Rxc4 31.g3 Ra8 32.Ra1 a5
33.b3 Rb4 34.Rd3 Ne4 35.Rd5 Rxb3 36.Re5 Nd2+ 37.Ke2 Nc4 38.Rc5
Rc3 39.Rd1 Re8+ 40.Kf1 Ne3+ 0-1

[Event "President's Cup"]
[Site "Seattle, WA"]
[Date "2014.02.15"]
[Round "2"]
[White "Guo Raymond  (WA)"]
[Black "Chandrasekar Siddharth  (WA)"]
[Result "0-1"]
[WhiteElo "1287"]
[BlackElo "1093"]
[Annotator ""]
[Source ""]
[Remark "Reserve"]

1.d4 d5 2.c4 c6 3.Nc3 Nf6 4.Nf3 Bf5 5.Bg5 Nbd7 6.e3 Qc7 7.Bd3
Bg6 8.O-O e5 9.Nxe5 Nxe5 10.Bxg6 Nf3+ 11.Qxf3 hxg6 12.Bxf6 Qxh2# 0-1

[Event "President's Cup"]
[Site "Seattle, WA"]
[Date "2014.02.15"]
[Round "1"]
[White "Van Dyke Patrick (WA)"]
[Black "Yeo Noah  (WA)"]
[Result "1-0"]
[WhiteElo "2105"]
[BlackElo "1652"]
[Annotator ""]
[Source ""]
[Remark "Open"]

1.e4 e5 2.Nf3 Nc6 3.Bc4 Nf6 4.Ng5 d5 5.exd5 Na5 6.Bb5+ c6 7.dxc6
bxc6 8.Qf3 Bd7 9.Bd3 Bd6 10.h3 O-O 11.Nc3 h6 12.Nge4 Nxe4 13.Nxe4
Be7 14.Ng3 Nb7 15.O-O Nc5 16.Bf5 Qc8 17.d3 Bh4 18.Bxd7 Nxd7 19.Nf5
Bf6 20.Be3 Qc7 21.Rab1 a6 22.Rfc1 Rfe8 23.c3 Rad8 24.d4 e4 25.Qg4
Kh8 26.Ng3 Re7 27.Nxe4 Rde8 28.Ng3 Nb6 29.c4 Rd8 30.Nf5 Red7
31.d5 Na4 32.Bd4 Bxd4 33.Qxd4 Rg8 34.Nxh6 Rgd8 35.Nf5 f6 36.d6
Qa5 37.c5 Nb6 38.b4 Qb5 39.Qh4+ Kg8 40.Nd4 1-0

[Event "President's Cup"]
[Site "Seattle, WA"]
[Date "2014.02.15"]
[Round "2"]
[White "Yeo Noah  (WA)"]
[Black "Orr Michael  (WA)"]
[Result "1-0"]
[WhiteElo "1652"]
[BlackElo "1483"]
[Annotator ""]
[Source ""]
[Remark "Open"]

1.e4 c5 2.Nc3 Nc6 3.f4 g6 4.Nf3 Bg7 5.Bb5 Nd4 6.Bc4 e6 7.d3 Ne7
8.O-O O-O 9.Ne2 b5 10.Bb3 d5 11.Nexd4 c4 12.Ne2 Qb6+ 13.Kh1 cxb3
14.axb3 dxe4 15.dxe4 Bb7 16.Ng3 Rfd8 17.Qe2 a6 18.e5 Rac8 19.Be3
Qc7 20.c3 Bd5 21.Rxa6 Bxb3 22.Rfa1 Nd5 23.Qf2 Nxe3 24.Qxe3 Bf8
25.Ne4 Bc4 26.Nf6+ Kg7 27.Qe1 Bc5 28.h3 Rd3 29.Ra8 Qd8 30.Rxc8
Qxc8 31.Ng5 Qd8 32.Ngxh7 Bd5 33.Kh2 Bxg2 34.Kxg2 Rd2+ 35.Kh1
Qd3 36.Ng5 Bf2 37.Ra8 Qd5+ 38.Nxd5 Bxe1 39.Nf6 1-0

[Event "President's Cup"]
[Site "Seattle, WA"]
[Date "2014.02.16"]
[Round "4"]
[White "Spasic Petar  (WA)"]
[Black "Tan Alan  (WA)"]
[Result "1/2-1/2"]
[WhiteElo "1344"]
[BlackElo "1395"]
[Annotator ""]
[Source ""]
[Remark "Reserve"]

1.e4 Nf6 2.d3 d5 3.exd5 Nxd5 4.Nf3 Nc6 5.Bd2 e5 6.Be2 Bd6 7.Nc3
Nde7 8.O-O Be6 9.Ng5 Qd7 10.Nxe6 Qxe6 11.Bf3 O-O-O 12.Bxc6 Nxc6
13.Re1 Qg6 14.h3 f5 15.Nd5 Qf7 16.c4 Rhg8 17.b4 Ne7 18.Nxe7+
Bxe7 19.Qc2 Bf6 20.Bc3 Rge8 21.Rad1 Kb8 22.Qb2 e4 23.Bxf6 gxf6
24.dxe4 Rxd1 25.Rxd1 fxe4 26.Qd4 Qe7 27.Qd7 Qf8 28.c5 h6 29.a4
f5 30.Qb5 c6 31.Qc4 Rd8 32.Rxd8+ Qxd8 33.Qc3 Qg5 34.Qe5+ Kc8
35.Qe8+ Kc7 36.Qf7+ Kc8 37.Qe8+ Kc7 38.Qe5+ Kc8 39.Kh2 h5 40.b5
cxb5 41.axb5 Qg6 42.Qd5 Kc7 43.Qe5+ Kc8 44.Qh8+ Kc7 45.Qa8 Qg5
46.Qxa7 Qf4+ 47.Kg1 Qc1+ 48.Kh2 Qf4+ 49.Kg1 Qc1+ 50.Kh2 Qf4+
51.Kh1 Qc1+ 1/2-1/2

[Event "President's Cup"]
[Site "Seattle, WA"]
[Date "2014.02.15"]
[Round "1"]
[White "Raffel Brian  (WA)"]
[Black "Varner Murlin  (WA)"]
[Result "1-0"]
[WhiteElo "1567"]
[BlackElo "1617"]
[Annotator ""]
[Source ""]
[Remark "Open"]

1.e4 e5 2.Nf3 Nc6 3.Bb5 a6 4.Ba4 Nf6 5.O-O Bc5 6.Re1 O-O 7.h3
b5 8.Bb3 h6 9.c3 Bb7 10.d4 ( 10.d4 exd4 11.cxd4 Bb4 12.Re2 Na5
13.Bc2 Re8 14.a3 Bf8 15.Nbd2 Re6 16.b4 Nc4 17.d5 Nxd5 18.exd5
Rxe2 19.Qxe2 Bxd5 20.Nxc4 Bxc4 21.Qe4 g6 22.Bb2 Bg7 23.Bxg7 Kxg7
24.Re1 Kf8 25.Qe5 Kg8 26.Nd4 d6 27.Qe3 Qd7 28.Qxh6 Re8 29.Rxe8+
Qxe8 30.Qe3 Qd7 31.Qg5 Qe8 32.Qe3 Qd7 33.Be4 c5 34.bxc5 dxc5
35.Nf3 Qe7 36.Bc6 Qxe3 37.fxe3 b4 38.axb4 cxb4 39.Nd2 Be6 40.Ba4
Kf8 41.Kf2 Ke7 42.Nb3 Kd6 43.Ke2 Bd5 44.g3 Ke5 45.Nd2 f6 46.Kd3
g5 47.e4 Be6 48.Nf3+ Kd6 49.g4 b3 50.Kd4 Kc7 51.Nd2 Kb6 52.Nb1
b2 53.Kc3 Kc5 54.Nd2 a5 55.Kxb2 Kd4 56.Bc6 Ke3 57.Kc3 Kf2 58.Bd5
Bd7 59.Nc4 Ba4 60.e5 fxe5 61.Nxe5 Be8 62.Nf7 Bxf7 63.Bxf7 Kg3
64.Kc4 Kxh3 65.Be6 Kg3 66.Kb5 {1-0, Ciafardini Juan A - Tenaglia Raul, Chivilcoy (Argentina) 1990}
) exd4 11.cxd4 Bb4 12.Bd2 Re8 13.e5 Bxd2 14.Nbxd2 Nh5 15.Nf1
Na5 16.Bc2 d6 17.b3 dxe5 18.Rxe5 Nf4 19.Rxe8+ Qxe8 20.Qd2 Bxf3
{?} ( 20...Ne2+ 21.Kh1 Bxf3 22.gxf3 Nc6 $15 ) 21.Qxf4 Qc6 {??}
22.Qxf3 1-0

[Event "President's Cup"]
[Site "Seattle, WA"]
[Date "2014.02.16"]
[Round "4"]
[White "Anthony Ralph  (WA)"]
[Black "Varner Murlin  (WA)"]
[Result "1-0"]
[WhiteElo "1667"]
[BlackElo "1617"]
[Annotator ""]
[Source ""]
[Remark "Open"]

1.e4 e6 2.d4 c5 3.c3 b6 4.Nf3 Bb7 5.Bd3 Nf6 6.Nbd2 Be7 7.Qc2
d5 8.e5 Ne4 9.Nxe4 c4 10.Nd6+ Bxd6 11.Bxh7 Be7 12.Qb1 Nd7
( 12...g6 13.Bxg6 fxg6 14.Qxg6+ Kd7 $17 ) 13.h4 Qc7 14.Bg5 Nf8
15.Bxe7 Qxe7 16.Bc2 O-O-O 17.Qc1 f5 18.exf6 gxf6 19.Qe3 Bc6 20.O-O-O
Re8 21.Rde1 Qg7 22.g3 Nd7 23.Qf4 e5 24.Qf5 e4 25.Nh2 Qf7 26.Bd1
Kb7 27.Nf1 Nf8 28.Qf4 Ne6 29.Qd2 f5 30.f3 f4 31.g4
( 31.fxe4 ) e3 32.Qg2 Reg8 33.Bc2 Ng7 34.Qh2 Ne6 35.Qe2 Qe7 36.Nxe3
fxe3 37.Qxe3 Re8 38.Bf5 Bd7 39.Qe5 Kc6 40.Re3 Rxh4 41.Rhe1 Rh6
42.f4 Qf6 {??} ( 42...Qf7 {%02$17/$19} ) 43.g5 Qxe5 44.Rxe5 Nxf4
45.Bxd7+ Kxd7 46.gxh6 Nd3+ 47.Kd2 Nxe5 48.Rxe5 Rh8 49.Rxd5+ Ke6
50.Rh5 Kf6 51.h7 Kg6 52.Rh3 Rxh7 53.Rxh7 Kxh7 54.Ke3 Kg6 55.Ke4 1-0

[Event "President's Cup"]
[Site "Seattle, WA"]
[Date "2014.02.15"]
[Round "3"]
[White "Pogrebinsky Daniel  (WA)"]
[Black "Pothukuchi Revanth  (WA)"]
[Result "1-0"]
[WhiteElo "1431"]
[BlackElo "1275"]
[Annotator ""]
[Source ""]
[Remark "Reserve"]

1.e4 c5 2.Nf3 Nc6 3.Bb5 Nf6 4.e5 Nd5 5.Nc3 e6 6.O-O Nxc3 7.dxc3
Qc7 8.Bf4 b6 9.Nd2 Bb7 10.Nc4 a6 11.Bxc6 Qxc6 12.Qg4 h5 13.Qg5
Rh6 14.f3 Be7 15.Qxg7 Bf8 16.Qg5 Rh7 17.Nd6+ Bxd6 18.exd6 1-0

[Event "President's Cup"]
[Site "Seattle, WA"]
[Date "2014.02.16"]
[Round "4"]
[White "Verdiyan Artem  (WA)"]
[Black "Huang Ethan  (WA)"]
[Result "1-0"]
[WhiteElo "1249"]
[BlackElo "638"]
[Annotator ""]
[Source ""]
[Remark "Reserve"]

1.d4 d5 2.c4 e6 3.cxd5 exd5 4.Nc3 Nf6 5.Nf3 Bb4 6.a3 Bxc3+ 7.bxc3
c6 8.e3 Ne4 9.Bb2 Qa5 10.Rc1 Bf5 11.Be2 Qb6 12.Ba1 Qa5 13.Qb3
Qb6 14.Qb4 Nd7 15.O-O O-O-O 16.c4 Ndf6 17.Ne5 Bg6 18.Rfd1 Rhe8
19.Qa4 Re6 20.c5 Qc7 21.Qxa7 Re7 22.a4 Nd7 23.Nxd7 Rdxd7 24.a5
Nf6 25.a6 bxa6 26.Qa8+ Qb8 27.Qxc6+ Rc7 28.Bxa6+ Kd8 29.Qd6+
Red7 30.Qf8+ Ne8 31.Bc3 f6 32.c6 Rf7 33.Qc5 Ra7 34.Qxd5+ Nd6
35.Ba5+ Ke8 36.c7 Qa8 37.Qxd6 Rd7 38.Qe6+ Re7 39.c8Q+ Qxc8 40.Rxc8# 1-0

[Event "President's Cup"]
[Site "Seattle, WA"]
[Date "2014.02.15"]
[Round "2"]
[White "Bonrud Neal  (WA)"]
[Black "Van Dyke Patrick (WA)"]
[Result "0-1"]
[WhiteElo "1772"]
[BlackElo "2105"]
[Annotator ""]
[Source ""]
[Remark "Open"]

1.d4 g6 2.c4 Bg7 3.e4 c5 4.d5 d6 5.Nc3 f5 6.Bd3 Bxc3+ 7.bxc3
fxe4 8.Bxe4 Nf6 9.Bd3 e5 10.Qc2 Qe7 11.Bg5 Nbd7 12.f3 O-O 13.Ne2
Qf7 14.O-O b5 15.f4 bxc4 16.Bxc4 Qg7 17.Bb3 Ba6 18.c4 Ng4 19.Qd2
Nb6 20.Rac1 Rae8 21.a4 Nf6 22.Bxf6 Rxf6 23.a5 Nd7 24.Ba4 Bc8
25.Rce1 Ref8 26.Rb1 exf4 27.Bxd7 Qxd7 28.Rxf4 Rxf4 29.Nxf4 Qf5
30.Rb8 g5 31.Rxc8 Rxc8 32.Ne6 Rb8 33.Qxg5+ Qxg5 34.Nxg5 Rb4 35.Ne4
Rxc4 36.Nxd6 Rd4 37.Nf5 Rd2 38.Ne3 Kf7 39.Kf1 Ra2 40.Nc4 Ke7
41.h4 Ra4 42.Ne5 Kd6 43.Nc6 a6 44.h5 Kxd5 45.Ne7+ Kd6 46.Nf5+
Kc7 47.Ne3 Rxa5 48.Ke1 Kd7 49.g4 Ke6 50.g5 c4 51.g6 hxg6 52.hxg6
Rg5 53.Nxc4 Rxg6 54.Kd2 Kd5 55.Nb2 Rg3 56.Nd3 a5 57.Nc1 Kc4 58.Kc2
a4 59.Kb1 Rg2 60.Na2 a3 61.Nc1 Rb2+ 62.Ka1 Kc3 63.Na2+ Kb3 64.Nc3
Rh2 0-1

[Event "President's Cup"]
[Site "Seattle, WA"]
[Date "2014.02.16"]
[Round "5"]
[White "Tan Alan  (WA)"]
[Black "Pothukuchi Revanth  (WA)"]
[Result "1-0"]
[WhiteElo "1395"]
[BlackElo "1275"]
[Annotator ""]
[Source ""]
[Remark "Reserve"]

1.c4 e5 2.g3 g6 3.Bg2 Bg7 4.Nc3 Ne7 5.Nf3 f5 6.d4 e4 7.Ne5 d6
8.Nd3 exd3 9.Qxd3 c6 10.O-O O-O 11.Bf4 d5 12.c5 b6 13.b4 Ba6
14.Qd2 Nd7 15.Rab1 b5 16.a4 bxa4 17.b5 cxb5 18.Nxb5 Bxb5 19.Rxb5
Nc6 20.Bxd5+ Kh8 21.Bxc6 a6 22.Ra5 Ra7 23.Rxa4 Nf6 24.Bd6 Rff7
25.f3 Bf8 26.Be5 Bxc5 27.Kg2 Bf8 28.Rfa1 Qb6 29.d5 Kg7 30.Bd4
Bc5 31.Bxc5 Qxc5 32.Rxa6 Rac7 33.R1a5 Qd6 34.Qd4 Rfe7 35.Bb5 1-0

[Event "President's Cup"]
[Site "Seattle, WA"]
[Date "2014.02.16"]
[Round "3"]
[White "Chi Quentin  (WA)"]
[Black "Zhang Brendan  (WA)"]
[Result "1-0"]
[WhiteElo "1904"]
[BlackElo "1792"]
[Annotator ""]
[Source ""]
[Remark "Open"]

1.e4 e6 2.d4 d5 3.Nd2 Nf6 4.e5 Nfd7 5.f4 c5 6.c3 cxd4 7.cxd4
Nc6 8.Ndf3 a6 9.Bd3 Qb6 10.Ne2 Bb4+ 11.Kf1 f6 12.g3 O-O 13.Kg2
fxe5 14.fxe5 Be7 15.Bb1 Rf7 16.h4 Nf8 17.b3 Bd7 18.Bg5 Re8 19.Nf4
h6 20.Bxe7 Nxe7 21.Qd2 g6 22.Bc2 Kg7 23.Rag1 Qd8 24.Rh2 Nf5 25.Kh1
Bc8 26.g4 Ne7 27.Nh5+ gxh5 28.gxh5+ Kh8 29.Qxh6+ Nh7 30.Bxh7
b6 1-0

[Event "President's Cup"]
[Site "Seattle, WA"]
[Date "2014.02.15"]
[Round "2"]
[White "Huang Ethan  (WA)"]
[Black "Spasic Petar  (WA)"]
[Result "0-1"]
[WhiteElo "638"]
[BlackElo "1344"]
[Annotator ""]
[Source ""]
[Remark "Reserve"]

1.d4 d5 2.Bg5 h6 3.Bd2 Nf6 4.e3 e6 5.f4 Ne4 6.Nf3 Be7 7.Bd3 f5
8.Qe2 c5 9.Ne5 O-O 10.O-O cxd4 11.exd4 Nc6 12.c3 Rf6 13.Be1 Nxe5
14.fxe5 Rg6 15.Nd2 Bh4 16.Nf3 Bxe1 17.Qxe1 h5 18.Nh4 Rg4 19.Nf3
Ng5 20.Be2 Nh3+ 21.Kh1 Nf4 22.Rg1 Nxe2 23.Qxe2 Re4 24.Qf2 b6
25.Rge1 Qf8 26.Ng5 Rg4 27.h4 g6 28.Re3 Qe7 29.Rg3 Rxh4+ 30.Kg1
Rg4 31.Rxg4 fxg4 32.Qh4 Ba6 33.Kf2 Rf8+ 34.Ke3 Rf5 35.a3 Qxg5+
36.Qxg5 Rxg5 37.Kf4 Rf5+ 38.Kg3 Rf1 39.Rxf1 Bxf1 40.Kf2 Bc4 41.Ke3
Kg7 42.Kf4 Kf7 43.Kg5 Bf1 44.g3 Ke7 45.Kxg6 h4 46.gxh4 g3 47.h5
g2 48.h6 g1Q+ 49.Kh7 Kf7 50.b4 Qg8# 0-1

[Event "President's Cup"]
[Site "Seattle, WA"]
[Date "2014.02.16"]
[Round "5"]
[White "Huang Ethan  (WA)"]
[Black "Rajesh Anirudh  (WA)"]
[Result "1-0"]
[WhiteElo "638"]
[BlackElo "529"]
[Annotator ""]
[Source ""]
[Remark "Reserve"]

1.d4 Nf6 2.Bg5 e6 3.e3 c5 4.Bd3 h6 5.Bxf6 Qxf6 6.c3 cxd4 7.exd4
e5 8.Qe2 d6 9.Nd2 Be7 10.Ngf3 Nc6 11.Bb5 exd4 12.Bxc6+ bxc6 13.Nxd4
Bb7 14.N2f3 O-O 15.O-O-O c5 16.Nb5 Qf4+ 17.Qe3 Bg5 18.Nxd6 Qxe3+
19.fxe3 Bxf3 20.gxf3 Bxe3+ 21.Kc2 Rfd8 22.Nf5 Rxd1 23.Rxd1 Bf4
24.Ng3 Rb8 25.Rd7 a6 26.Ra7 Rb6 27.Kd3 Re6 28.b3 Re3+ 29.Kc2
Rxf3 30.Rxa6 {
 Scoresheet ends here with a little advantage for Black ($15/$17).  The
crosstalbe indicates that White eventually won.  I guess we'll never know quite how.}
 1-0

[Event "President's Cup"]
[Site "Seattle, WA"]
[Date "2014.02.16"]
[Round "3"]
[White "Jones Davey  (WA)"]
[Black "Bonrud Neal  (WA)"]
[Result "0-1"]
[WhiteElo "1644"]
[BlackElo "1772"]
[Annotator ""]
[Source ""]
[Remark "Open"]

1.e4 e5 2.Nf3 Nf6 3.Nxe5 d6 4.Nf3 Nxe4 5.Qe2 Qe7 6.d3 Nf6 7.Bg5
Qxe2+ 8.Bxe2 Be7 9.Nc3 c6 10.d4 d5 11.O-O-O O-O 12.Rhe1 Be6 13.Ne5
Re8 ( 13...Re8 14.Bd3 h6 15.Bf4 Bb4 16.f3 Nbd7 17.g4 Nxe5 18.Bxe5
Nd7 19.Bg3 Nf8 20.h4 Bd7 21.Rf1 Bxc3 22.bxc3 b5 23.g5 h5 24.Kd2
g6 25.Ra1 Ne6 26.Rfe1 c5 27.Be5 Rac8 28.f4 cxd4 29.cxd4 Ng7 30.Bxg7
Kxg7 31.Re5 Rxe5 32.fxe5 a5 33.a3 Rb8 34.c3 Kf8 35.Rb1 Ke7 36.a4
b4 37.cxb4 axb4 38.Bb5 Bxb5 39.Rxb4 Ke6 40.Rxb5 Ra8 41.a5 Kf5
42.Ke3 Kg4 43.Rxd5 Kxh4 44.Kf4 Kh3 45.Rd7 Rxa5 46.Rxf7 Ra4 47.Ke4
Kg4 48.e6 {1-0, Suetin Alexei S (RUS) 2327 - Masternak Grzegorz (POL) 2351, Warsaw (Poland) 1989}
) 14.Bf3 h6 15.Bd2 Nbd7 16.h3 Nxe5 17.dxe5 Nd7 18.g4 b5 19.Bg2
Nb6 20.f4 Bh4 21.Rf1 Nc4 22.Ne2 Nxd2 23.Rxd2 Bd7 24.Nd4 Rac8
25.Nb3 Re7 26.Nc5 Rce8 27.Rfd1 Bc8 28.Kb1 f6 29.exf6 Bxf6 30.Nb3
Re3 31.Bf1 g6 32.Nd4 Bd7 33.c3 a6 34.Nc2 Rf3 35.Bd3 Kg7 36.f5
gxf5 37.Bxf5 Bxf5 38.gxf5 a5 39.Rd3 Rxf5 40.Nd4 Bxd4 41.Rxd4
Re2 42.Rg1+ Kf6 43.h4 Re4 44.Rdd1 Rxh4 45.Rg8 Re4 46.Rh1 h5 47.Rf8+
Ke6 48.Rh8 Ree5 49.Rg1 Rg5 50.Rf1 Kd7 51.Rh6 Ref5 52.Re1 Rf2
53.a3 Rh2 54.Ree6 Rg1+ 55.Ka2 a4 56.Rd6+ Ke7 57.Rxc6 Rhh1 58.Rh7+
Kd8 59.Rd6+ Ke8 0-1

[Event "President's Cup"]
[Site "Seattle, WA"]
[Date "2014.02.16"]
[Round "3"]
[White "Orr Michael  (WA)"]
[Black "McPherson Ian  (WA)"]
[Result "0-1"]
[WhiteElo "1483"]
[BlackElo "1631"]
[Annotator ""]
[Source ""]
[Remark "Open"]

1.d4 Nf6 2.Nf3 g6 3.Bg5 Bg7 4.Nbd2 d6 5.c3 O-O 6.e4 Bg4 7.Bd3
Nbd7 8.h3 Bxf3 9.Nxf3 e5 10.O-O Qe8 11.Nd2 h6 12.Be3 Nh7 13.Nf3
f5 14.exf5 gxf5 15.Nh4 e4 16.Bc4+ Kh8 17.g3 Ng5 18.Kh2 Nb6 19.Be2
Qe6 20.Bf4 Rf6 21.Qc1 Rg8 22.c4 Bf8 23.d5 Qe7 24.Qd1 Nf3+ 25.Bxf3
exf3 26.b3 Nd7 27.Qxf3 Nc5 28.Qh5 Qd7 29.Be3 Ne4 30.Bd4 Rg5 31.Bxf6+
Nxf6 32.Qf3 {+-} Ne4 33.Ng2 Bg7 34.Rad1 Be5 35.Nf4 Qe7 36.Rg1
Rg8 37.h4 Rg4 {??} 38.h5 {????} ( 38.Qxg4 fxg4 39.Ng6+ Kg7 40.Nxe7
{ +-} ) Bxf4 {%02$17/$19} 39.gxf4 Qh4+ 40.Qh3 Qxh3+ {?}
( 40...Qxf2+ 41.Rg2 Qxf4+ 42.Kg1 Rg3 43.Qh2 Qe3+ 44.Kh1 Rh3 )
41.Kxh3 Nxf2+ 42.Kh2 Nxd1 43.Rxd1 Rxf4 44.Kg3 Rg4+ 45.Kh3 Kg7
46.Re1 Re4 47.Rg1+ Kh7 48.Rg2 Re7 49.Kg3 Rg7+ 50.Kf3 Rxg2 51.Kxg2
c5 52.Kf3 Kg7 53.Ke3 Kf6 54.Kf4 a6 55.a3 a5 56.Kf3 Kg5 0-1

[Event "President's Cup"]
[Site "Seattle, WA"]
[Date "2014.02.15"]
[Round "1"]
[White "Orr Michael  (WA)"]
[Black "Bonrud Neal  (WA)"]
[Result "0-1"]
[WhiteElo "1483"]
[BlackElo "1772"]
[Annotator ""]
[Source ""]
[Remark "Open"]

1.d4 d5 2.Nf3 Nf6 3.Bg5 h6 4.Bxf6 exf6 5.a3 Bd6 6.e3 O-O 7.c4
Be6 8.c5 Be7 9.Nc3 b6 10.b4 a5 11.Bd3 axb4 12.axb4 Nc6 13.Rb1
Na7 14.O-O c6 15.Qc2 Qc7 16.Nh4 Rfb8 17.f4 Bf8 18.Na4 Nc8 19.b5
cxb5 20.Bxb5 bxc5 21.Nxc5 Ra5 22.Qd3 Bxc5 23.dxc5 Qxc5 24.Rfc1
Qa7 25.f5 Bd7 26.Bxd7 Rxb1 27.Rxb1 Qxd7 28.Qc3 Ra8 29.Rd1 Ne7
30.Qd3 Ra2 31.e4 Qa7+ 32.Kh1 Qf2 33.exd5 Qxh4 34.d6 Qf2 35.Qe4
Re2 36.Qxe2 Qxe2 37.Rc1 Qd2 0-1

[Event "President's Cup"]
[Site "Seattle, WA"]
[Date "2014.02.16"]
[Round "4"]
[White "Velichko Konstantin  (WA)"]
[Black "Puri Ishaan  (WA)"]
[Result "0-1"]
[WhiteElo "1170"]
[BlackElo "1387"]
[Annotator ""]
[Source ""]
[Remark "Reserve"]

1.c4 e5 2.Nc3 Nc6 3.e3 Nf6 4.Nf3 d5 5.cxd5 Nxd5 6.Bb5 Nxc3 7.bxc3
Bd6 8.d4 Qf6 9.d5 a6 10.Qa4 axb5 11.Qxa8 Ne7 12.O-O O-O 13.a4
Nxd5 14.axb5 Nxc3 15.Qa5 Ne2+ 16.Kh1 e4 17.Nd4 Nxd4 18.Bb2 Nb3
19.Bxf6 Nxa5 20.Bxg7 Kxg7 21.Rxa5 Bd7 22.Ra7 Bxb5 23.Rxb7 Bxf1
24.Rb1 Bd3 25.Rd1 Rb8 26.Kg1 Rb1 27.Rxb1 Bxb1 28.f3 Bc5 29.Kf2
f5 30.h3 h5 31.g4 exf3 32.Kxf3 fxg4+ 33.hxg4 hxg4+ 34.Kxg4 Bxe3
35.Kf3 Bb6 36.Ke2 c5 37.Kd2 Kf6 38.Kc3 Ba2 39.Kb2 Bd5 40.Kc3
Ke5 41.Kd3 c4+ 42.Kc3 Ba5+ 43.Kc2 Kd4 44.Kb2 c3+ 45.Kc2 Be4+ 0-1

[Event "President's Cup"]
[Site "Seattle, WA"]
[Date "2014.02.16"]
[Round "4"]
[White "Becker Peter  (IN)"]
[Black "Hwang Matthew  (WA)"]
[Result "0-1"]
[WhiteElo "617"]
[BlackElo "838"]
[Annotator ""]
[Source ""]
[Remark "Reserve"]

1.Nf3 Nc6 2.g3 Nf6 3.Bg2 g6 4.d3 Bg7 5.e4 d5 6.Nbd2 dxe4 7.Nxe4
Nxe4 8.dxe4 Qxd1+ 9.Kxd1 Bg4 10.Ke2 Nd4+ 11.Kd2 Nxf3+ 12.Bxf3
Bxf3 13.Re1 Bh6+ 14.Kc3 Bxc1 15.Raxc1 Kd7 16.Re3 Bg4 17.f3 Be6
18.b3 Kc6 19.Kb4 a5+ 20.Ka3 b5 21.Rd3 Rhd8 22.Rcd1 Rxd3 23.Rxd3
Kb6 24.Kb2 a4 25.b4 a3+ 26.Rxa3 Rxa3 27.Kxa3 c5 28.c3 f5 29.e5
cxb4+ 30.cxb4 h5 31.f4 Kc6 32.Kb2 Kd5 33.Kc3 Ke4 34.a3 Kd5 35.Kd3
Bd7 36.Kc3 Kc6 37.Kb3 Be6+ 38.Kc3 Kd5 39.Kd3 Kc6 40.Kd4 Kb6 41.Kc3
Bc4 42.Kd4 Kc6 43.Kc3 Kd5 44.Kd2 Kd4 45.Kc2 Bd3+ 46.Kb2 Kc4 47.Ka2
Kc3 0-1

[Event "President's Cup"]
[Site "Seattle, WA"]
[Date "2014.02.15"]
[Round "3"]
[White "Beck Alec  (WA)"]
[Black "Gustafson Andrew  (MO)"]
[Result "1/2-1/2"]
[WhiteElo "1055"]
[BlackElo "1176"]
[Annotator ""]
[Source ""]
[Remark "Reserve"]

1.d4 Nf6 2.c4 e5 3.Nf3 exd4 4.Nxd4 Bc5 5.Bg5 d6 6.e3 Nbd7 7.Be2
h6 8.Bh4 g5 9.Bg3 Ne5 10.Nf3 Qe7 11.Nxe5 dxe5 12.Nc3 Bd7 13.a3
O-O-O 14.Qc2 Bc6 15.Rg1 h5 16.Qf5+ Nd7 17.b4 h4 18.Bxe5 Qxe5
19.Qxe5 Nxe5 20.bxc5 Nd3+ 21.Bxd3 Rxd3 22.Rc1 Rhd8 23.g3 h3 24.g4
Bf3 25.Rg3 Bg2 26.e4 Rd2 27.Rd1 Rxd1+ 28.Nxd1 Bxe4 29.Rxh3 Rd4
30.Rc3 Bc6 31.Ne3 Kd7 32.Ke2 Ke6 33.h3 Ke5 34.Nf5 Re4+ 35.Re3
Bd7 36.Nh6 f6 37.Kd3 Bc6 38.Rxe4+ Bxe4+ 39.Ke3 Bg2 40.Nf7+ Ke6
41.Nh6 Bxh3 42.Ke2 Ke5 43.Ke3 Bf1 44.Nf7+ Ke6 45.Nd8+ Ke5 46.Nf7+
Ke6 47.Nd8+ Kd7 48.Nxb7 Bxc4 49.Ke4 1/2-1/2

[Event "President's Cup"]
[Site "Seattle, WA"]
[Date "2014.02.15"]
[Round "1"]
[White "Brown Fred  (WA)"]
[Black "Cho Ryan  (WA)"]
[Result "1/2-1/2"]
[WhiteElo "1506"]
[BlackElo "1113"]
[Annotator ""]
[Source ""]
[Remark "Reserve"]

1.d4 Nf6 2.c4 c5 3.d5 d6 4.Nc3 g6 5.Nf3 Bf5 6.Nh4 Bd7 7.Bg5 Bg7
8.Qc1 h6 9.Bd2 g5 10.Nf3 Bf5 11.g3 Nbd7 12.Bg2 O-O 13.h3 Kh7
14.g4 Bg6 15.h4 gxh4 16.Rxh4 h5 17.gxh5 Nxh5 18.Ng5+ Kg8 19.Bf3
Nhf6 20.Nh3 e6 21.Bh6 Nh7 22.Bxg7 Qxh4 23.Bxf8 Nhxf8 24.Nf4 exd5
25.Ncxd5 Re8 26.Qc3 Ne5 27.O-O-O Nh7 28.Nxg6 fxg6 29.Qa5 Nxf3
30.exf3 Qxc4+ 31.Nc3 a6 32.Qc7 b5 33.Rh1 Nf6 34.Rg1 Qf4+ 35.Kb1
Qf5+ 36.Ka1 Qd7 37.Qxd7 Nxd7 38.Rxg6+ Kf7 1/2-1/2

[Event "President's Cup"]
[Site "Seattle, WA"]
[Date "2014.02.15"]
[Round "3"]
[White "Ruan Evan  (WA)"]
[Black "Tan Alan  (WA)"]
[Result "1-0"]
[WhiteElo "1366"]
[BlackElo "1395"]
[Annotator ""]
[Source ""]
[Remark "Reserve"]

1.d4 Nf6 2.c4 g6 3.Nf3 Bg7 4.g3 O-O 5.Bg2 d6 6.O-O e5 7.dxe5
dxe5 8.Nxe5 Qxd1 9.Rxd1 Re8 10.f4 Nh5 11.Nc3 Na6 12.Nf3 Bxc3
13.bxc3 Rxe2 14.Nd4 Re8 15.Ba3 Rb8 16.Re1 Bd7 17.Rxe8+ Bxe8 18.Re1
c6 19.Re7 Nf6 20.Bd6 Rd8 21.Ba3 Rd7 22.Re5 Nc7 23.Bh3 Rd8 24.Be7
Nd7 25.Bxd8 Nxe5 26.fxe5 Na6 27.Bf6 Nc5 28.Kg2 Ne4 29.Ne2 c5
30.Bc8 Bc6 31.Kg1 Nd2 32.e6 Kf8 33.exf7 Kxf7 34.Bh4 Nxc4 35.Kf2
a6 36.Bh3 b5 37.Bg2 Bxg2 38.Kxg2 b4 39.cxb4 cxb4 40.Kf3 Ke6 41.Ke4
Kd6 42.Kd4 Nd2 43.Bg5 Nf3+ 44.Kc4 Nxg5 45.Kxb4 Ne6 46.Kc4 g5
47.Nd4 Nxd4 48.Kxd4 a5 49.Kc4 Kc6 50.h3 h5 51.a4 h4 52.g4 Kb6
53.Kd5 Kc7 54.Kc5 Kb7 55.Kb5 Kc7 56.Kxa5 Kc6 57.Kb4 1-0

[Event "President's Cup"]
[Site "Seattle, WA"]
[Date "2014.02.15"]
[Round "3"]
[White "Clark Ryan  (WA)"]
[Black "Verdiyan Artem  (WA)"]
[Result "1/2-1/2"]
[WhiteElo "617"]
[BlackElo "1249"]
[Annotator ""]
[Source ""]
[Remark "Reserve"]

1.e4 c6 2.Nc3 d5 3.exd5 cxd5 4.Bb5+ Nc6 5.Nf3 a6 6.Bxc6+ bxc6
7.d4 Nf6 8.O-O Bg4 9.Re1 e6 10.Bg5 h6 11.Bh4 Be7 12.h3 Bxf3 13.Qxf3
O-O 14.Rad1 c5 15.dxc5 Bxc5 16.Bxf6 Qxf6 17.Qxf6 gxf6 18.Na4
Ba7 19.Kf1 Rfc8 20.c3 Rc4 21.b3 Rf4 22.Rd2 Rc8 23.g3 Rf5 24.f4
h5 25.h4 Rd8 26.Kg2 e5 27.fxe5 fxe5 28.c4 Bd4 29.cxd5 Rxd5 30.Nb6
Rd6 31.Nc4 Rg6 32.Ne3 Rff6 33.Nd5 Re6 34.Ne7+ Rxe7 35.Rxd4 f5
36.Rd5 Rge6 37.a4 Kg7 38.Kf3 Kf6 39.a5 Rb7 40.Re3 Rb4 41.Rc5
Rd4 42.Re2 Rd3+ 43.Re3 Rd1 44.Ke2 Rb1 45.Rc8 e4 46.Rf8+ Ke5 47.Rc3 1/2-1/2